| 000 | 00720cab a2200253 4500 | ||
|---|---|---|---|
| 001 | ABS46826 | ||
| 008 | 090401t1992 xxu||||| |||| 00| 0 eng d | ||
| 035 | _a(Sirsi) u59599 | ||
| 041 | _aeng | ||
| 100 | _aPerry, A. | ||
| 245 | _aLife-lines for sinking funds | ||
| 260 | _c1992 | ||
| 350 | _a0 | ||
| 490 |
_aEstates Times _v(1149) 26 June 1992, 10(1) |
||
| 520 | _aConsiders a range of options for a company rescue as an alternative to liquidation and receivership. | ||
| 650 | _aADMINISTRATION ORDERS | ||
| 650 | _aINSOLVENCY ACT 1986 S214 | ||
| 650 | _aLIQUIDATION | ||
| 650 | _aRECEIVERSHIP | ||
| 650 | _aRESCUE MEASURES | ||
| 690 | _aPROPERTY LAW AND PRACTICE | ||
| 942 | _n0 | ||
| 948 | _c04/03/1997 | ||
| 999 |
_c36585 _d36585 |
||